Statistiken für Die Top 16 der PDC Darts Order of Merit 2023

Klicken Sie hier um das Quiz zu spielen!

Allgemein

  • Dieses Quiz wurde 86 mal gespielt
  • Das Durchschnittsergebnis liegt bei 13 aus 16

Antwortstatistiken

WeltranglistenplatzLandDartsspieler% Korrekt
1EnglandMichael Smith
100%
2NiederlandeMichael van Gerwen
99%
3EnglandLuke Humphries
97%
16EnglandRoss Smith
97%
5WalesGerwyn Price
96%
4SchottlandPeter Wright
95%
15BelgienDimitri Van den Bergh
84%
10AustralienDamon Heta
83%
9WalesJonny Clayton
79%
6EnglandNathan Aspinall
78%
8EnglandRob Cross
76%
7NiederlandeDanny Noppert
71%
11EnglandDave Chisnall
62%
12NiederlandeDirk van Duijvenbode
59%
14EnglandJoe Cullen
57%
13EnglandJames Wade
51%

Verteilung der Resultate

Perzentil nach korrekt beantworteten Fragen

Anzahl Personen mit jedem Resultat

Ihre Resultats-Entwicklung

Sie haben dieses Quiz noch nicht gespielt